Advances in Cryptology - ASIACRYPT 2010. 16th International Conference on the Theory and Application of Cryptology and Information Security : Proceedings, Singapore, December 2010 /

Saved in:
Bibliographic Details
Other Authors: Abe, Masayuki (Editor)
Format: Book
Language:English
Published: Berlin : Springer Verlag, 2010
Tags: Add Tag
No Tags, Be the first to tag this record!

MARC

LEADER 00000nam a22000003a 4500
001 0014220
003 SK-STU
005 20160504095825.7
007 ta
008 160504s ----xo-----e------000-0-----d
020 |a 978-3-642-17372-1 
040 |a STU  |b slo 
041 0 |a eng 
044 |a gw 
080 |a 004.056.53 
100 1 |a Abe, Masayuki  |4 edt  |r Z6 
245 1 0 |a Advances in Cryptology - ASIACRYPT 2010. 16th International Conference on the Theory and Application of Cryptology and Information Security :  |b Proceedings, Singapore, December 2010 /  |c ed. Masayuki Abe 
260 |a Berlin :  |b Springer Verlag,  |c 2010 
300 |a 634 s. 
996 |b 284EK89666  |c E* 89666  |l EE35  |s P  |a 0  |w 0014220_0001